000 00203 a2200097 4500
001 41105
100 _a
245 _aElliot the waste land
260 _aLondon
_bAurora pub Inc
_c
090 _c25335
_d25335
942 _aNUST-CAE
_c
_c17042
999 _c276178
_d276178